LEADER 02770nas 2200733- 450 001 996216365803316 005 20240120213021.0 035 $a(OCoLC)1291624836 035 $a(CKB)110978977287646 035 $a(CONSER)--2022220859 035 $a(EXLCZ)99110978977287646 100 $a20220111b19942002 --- - 101 0 $aeng 135 $aur||||||||||| 181 $ctxt$2rdacontent 182 $cc$2rdamedia 183 $acr$2rdacarrier 200 00$aHealth, physical education, and recreation, exercise and sport sciences $eMicroform Publications bulletin 210 1$aEugene, Or. :$cMicroform Publications, International Institute for Sport and Human Performance, University of Oregon,$d1994-2002 215 $a1 online resource 311 $aPrint version: Health, physical education, and recreation, exercise and sport sciences : (DLC)sn 95043421 (OCoLC)31620947 1526-1956 517 1 $aExercise and sport sciences 517 1 $aMicroform Publications bulletin 531 $aHEALTH PHYSICAL EDUCATION AND RECREATION EXERCISE AND SPORT SCIENCES MICROFORM 531 $aHEALTH, PHYSICAL EDUCATION, & RECREATION, EXERCISE AND SPORT SCIENCES 606 $aHealth education$vAbstracts$vMicroform catalogs$vPeriodicals 606 $aPhysical education and training$vAbstracts$vMicroform catalogs$vPeriodicals 606 $aRecreation$vAbstracts$vMicroform catalogs$vPeriodicals 606 $aSports sciences$vAbstracts$vMicroform catalogs$vPeriodicals 606 $aHealth 606 $aExercise 606 $aPhysical Education and Training 606 $aRecreation 606 $aSports Medicine 606 $aHealth education$2fast$3(OCoLC)fst00952878 606 $aPhysical education and training$2fast$3(OCoLC)fst01062401 606 $aRecreation$2fast$3(OCoLC)fst01091713 606 $aSports sciences$2fast$3(OCoLC)fst01130746 608 $aAbstracts 608 $aCatalog 608 $aMicroform catalogs. 608 $aMicroform catalogs.$2fast 608 $aPeriodicals.$2fast 608 $aPeriodicals.$2lcgft 608 $aAbstracts.$2lcgft 615 0$aHealth education 615 0$aPhysical education and training 615 0$aRecreation 615 0$aSports sciences 615 12$aHealth 615 22$aExercise 615 22$aPhysical Education and Training 615 22$aRecreation 615 22$aSports Medicine 615 7$aHealth education. 615 7$aPhysical education and training. 615 7$aRecreation. 615 7$aSports sciences. 676 $a016 712 02$aMicroform Publications. 906 $aJOURNAL 912 $a996216365803316 996 $aHealth, physical education, and recreation, exercise and sport sciences$92572205 997 $aUNISA LEADER 04429nam 2200769 a 450 001 9910965383503321 005 20230912141933.0 010 $a9781118722435 010 $a1118722434 010 $a9781118391389 010 $a1118391381 010 $a9781283851534 010 $a1283851539 010 $a9781118391402 010 $a1118391403 035 $a(CKB)2670000000308395 035 $a(EBL)1077239 035 $a(OCoLC)821177680 035 $a(SSID)ssj0000791032 035 $a(PQKBManifestationID)12388849 035 $a(PQKBTitleCode)TC0000791032 035 $a(PQKBWorkID)10748414 035 $a(PQKB)11186035 035 $a(Au-PeEL)EBL1077239 035 $a(CaPaEBR)ebr10629602 035 $a(Au-PeEL)EBL4034770 035 $a(CaPaEBR)ebr11110028 035 $a(CaONFJC)MIL416403 035 $a(OCoLC)927508055 035 $a(CaSebORM)9781118391389 035 $a(MiAaPQ)EBC1077239 035 $a(MiAaPQ)EBC4034770 035 $a(OCoLC)828687955 035 $a(OCoLC)ocn828687955 035 $a(Perlego)1001253 035 $a(EXLCZ)992670000000308395 100 $a20120907d2013 uy 0 101 0 $aeng 135 $aur|n|---||||| 181 $ctxt 182 $cc 183 $acr 200 14$aThe essential R reference /$fMark Gardener 205 $a1st edition 210 $aIndianapolis, Ind. $cJ. Wiley & Sons, Inc.$d2013 215 $a1 online resource (578 p.) 300 $aIncludes index. 311 08$a9781118391419 311 08$a1118391411 327 $aThe Essential R Reference; About the Author; Acknowledgments; Contents; Introduction; Theme 1: Data; Data Types; Types of Data; Altering Data Types; Testing Data Types; Creating Data; Creating Data from the Keyboard; Creating Data from the Clipboard; Adding to Existing Data; Importing Data; Importing Data from Text Files; Importing Data from Data Files; Saving Data; Saving Data as a Text File to Disk; Saving Data as a Data File to Disk; Viewing Data; Listing Data; Data Object Properties; Selecting and Sampling Data; Sorting and Rearranging Data; Summarizing Data; Summary Statistics 327 $aSummary TablesDistribution of Data; Density Functions; Probability Functions; Quantile Functions; Random Numbers; Theme 2: Math and Statistics; Mathematical Operations; Math; Logic; Complex Numbers; Trigonometry; Hyperbolic Functions; Matrix Math; Summary Statistics; Simple Summary Stats; Tests of Distribution; Differences Tests; Parametric Tests; Non-parametric; Correlations and Associations; Correlation; Association and Goodness of Fit; Analysis of Variance and Linear Modeling; ANOVA; Linear Modeling; Miscellaneous Methods; Clustering; Ordination; Time Series 327 $aNon-linear Modeling and OptimizationTheme 3: Graphics; Making Graphs; Types of Graphs; Saving Graphs; Adding to Graphs; Adding Data; Adding Lines; Adding Shapes; Adding Text; Adding Legends; Graphical Parameters; Using the par Command; Altering Color; Altering Axis Parameters; Altering Text Parameters; Altering Line (and Box) Parameters; Altering Plot Margins; Altering the Graph Window; Theme 4: Utilities; Install; Installing R; Installing Packages; Using R; Using the Program; Additional Packages; Programming; Managing Functions; Saving and Running Scripts; Conditional Control 327 $aReturning ResultsError Trapping; Constants; Index 330 $a An essential library of basic commands you can copy and paste into R The powerful and open-source statistical programming language R is rapidly growing in popularity, but it requires that you type in commands at the keyboard rather than use a mouse, so you have to learn the language of R. But there is a shortcut, and that's where this unique book comes in. A companion book to Visualize This: The FlowingData Guide to Design, Visualization, and Statistics, this practical reference is a library of basic R commands that you can copy and paste into R to perform many types of stat 606 $aR (Computer program language) 606 $aObject-oriented programming languages 615 0$aR (Computer program language) 615 0$aObject-oriented programming languages. 676 $a005.1 700 $aGardener$b Mark$0517232 801 0$bMiAaPQ 801 1$bMiAaPQ 801 2$bMiAaPQ 906 $aBOOK 912 $a9910965383503321 996 $aThe essential R reference$94358508 997 $aUNINA